Конструирование ориентирующей и позиционирующей частей манипулятора системы автоматического прокола вены; Молодежь и современные информационные технологии; Т. 1

Podrobná bibliografie
Parent link:Молодежь и современные информационные технологии: сборник трудов XIII Международной научно-практической конференции студентов, аспирантов и молодых ученых, г. Томск, 9-13 ноября 2015 г./ Национальный исследовательский Томский политехнический университет (ТПУ), Институт кибернетики (ИК) ; под ред. Т. Е. Мамоновой [и др.].— , 2016
Т. 1.— 2016.— [С. 265-266]
Hlavní autor: Трапп С. А.
Korporativní autor: Национальный исследовательский Томский политехнический университет (ТПУ) Институт кибернетики (ИК) Кафедра интегрированных компьютерных систем управления (ИКСУ)
Další autoři: Пякилля Б. И. Борис Иванович (научный руководитель)
Shrnutí:Заглавие с титульного экрана
Jazyk:ruština
Vydáno: 2016
Edice:Автоматизация и управление в технических системах
Témata:
On-line přístup:http://earchive.tpu.ru/handle/11683/16927
Médium: MixedMaterials Elektronický zdroj Kapitola
KOHA link:https://koha.lib.tpu.ru/cgi-bin/koha/opac-detail.pl?biblionumber=617614

MARC

LEADER 00000naa2a2200000 4500
001 617614
005 20240125122131.0
035 |a (RuTPU)RU\TPU\conf\15927 
035 |a RU\TPU\conf\15926 
090 |a 617614 
100 |a 20160317d2016 k y0rusy50 ca 
101 0 |a rus 
102 |a RU 
105 |a y z 101zy 
135 |a drcn ---uucaa 
181 0 |a i  
182 0 |a b 
200 1 |a Конструирование ориентирующей и позиционирующей частей манипулятора системы автоматического прокола вены  |f С. А. Трапп  |g науч. рук. Б. И. Пякилля 
203 |a Текст  |c электронный 
225 1 |a Автоматизация и управление в технических системах 
300 |a Заглавие с титульного экрана 
320 |a [Библиогр.: с. 266 (4 назв.)] 
337 |a Adobe Reader 
461 1 |0 (RuTPU)RU\TPU\conf\15701  |t Молодежь и современные информационные технологии  |o сборник трудов XIII Международной научно-практической конференции студентов, аспирантов и молодых ученых, г. Томск, 9-13 ноября 2015 г.  |o в 2 т.  |f Национальный исследовательский Томский политехнический университет (ТПУ), Институт кибернетики (ИК) ; под ред. Т. Е. Мамоновой [и др.]  |d 2016 
463 0 |0 (RuTPU)RU\TPU\conf\15703  |t Т. 1  |v [С. 265-266]  |d 2016 
610 1 |a труды учёных ТПУ 
610 1 |a электронный ресурс 
610 1 |a манипуляторы 
610 1 |a системы автоматизации 
610 1 |a робототехнические системы 
610 1 |a хирургия 
610 1 |a электроприводы 
700 1 |a Трапп  |b С. А. 
702 1 |a Пякилля  |b Б. И.  |c специалист в области информатики и вычислительной техники  |c инженер-проектировщик Томского политехнического университета  |f 1990-  |g Борис Иванович  |4 727  |9 15767 
712 0 2 |a Национальный исследовательский Томский политехнический университет (ТПУ)  |b Институт кибернетики (ИК)  |b Кафедра интегрированных компьютерных систем управления (ИКСУ)  |3 (RuTPU)RU\TPU\col\18701 
801 2 |a RU  |b 63413507  |c 20160404  |g RCR 
856 4 |u http://earchive.tpu.ru/handle/11683/16927 
942 |c BK